000 00924cad a22002055a 4500
001 E153504
008 110802e20110725xxk 000 0 eng u
035 _a(Sirsi) u153504
041 0 _aeng
110 2 _aLloyds TSB
_94126
245 0 0 _aEast London house prices up £192 a week since London 2012 Olympic Games awarded
_h[electronic resource]
260 _c2011
490 0 _aLloyds TSB Press Release
_v25 July 2011
520 _aSuggests that the average house price in the fourteen postal districts closest to the main Olympic site has increased by 28% in the period July 2005 to May 2011, from £208 148 to £266 730.
590 _aKA
651 4 _aLondon
690 _aPROPERTY-RESIDENTIAL PROPERTY-RESIDENTIAL PROPERTY MARKET
856 4 0 _uhttps://www.lloydsbankinggroup.com/media/pdfs/LTSB/2011/250711_East_London_house_prices.pdf
_zView the item free of charge at www.mediacentre.lloydstsb.com...
942 _n0
999 _c83305
_d83305